书目信息 |
| 题名: |
新编肥料施用技术手册
|
|
| 作者: | 王迪轩 | |
| 分册: | ||
| 出版信息: | 北京 化学工业出版社 2011 |
|
| 页数: | 420 | |
| 开本: | 23cm | |
| 丛书名: | ||
| 单 册: | ||
| 中图分类: | S14 | |
| 科图分类: | ||
| 主题词: | 肥料学 | |
| 电子资源: | ||
| ISBN: | 978-7-122-12665-8 | |
| 000 | 00537nam0 2200181 450 | |
| 001 | 1735846483 | |
| 005 | 20170410095726.48 | |
| 010 | @a978-7-122-12665-8 | |
| 100 | @a20170410d km y0chiy0120 ea | |
| 101 | 0 | @achi |
| 200 | 1 | @a新编肥料施用技术手册@Axin bian fei liao shi yong ji shu shou ce@f王迪轩@Fwang di xuan |
| 210 | @a北京@c化学工业出版社@d2011 | |
| 215 | @a420@d23cm | |
| 606 | 0 | @a肥料学 |
| 690 | @aS14@v4 | |
| 701 | 0 | @a王迪轩@Awang di xuan |
| 801 | 0 | @aCN@b大连网信软件有限公司图书馆·11@c20170410 |
| 905 | @b6604061@dS14@en2@f1 | |
| 新编肥料施用技术手册/王迪轩.-北京:化学工业出版社,2011 |
| 420;23cm |
| ISBN 978-7-122-12665-8: |
| ● |
| 相关链接 |
|
|
|
|
正题名:新编肥料施用技术手册
索取号:S14/n2
 
预约/预借
| 序号 | 登录号 | 条形码 | 馆藏地/架位号 | 状态 | 备注 |
| 1 | 6604061 | 266040615 | 密集书库-生命科学系/ [索取号:S14/n2] | 在馆 |